LEADER 00918nam a2200241 i 4500 001 000000157439 003 CaOOAMICUS 005 20070312000000.0 008 070312s2005 it u000 u ita u 013 $a134795 020 $a88-215-5450-3 040 $aSeMil$bita 245 10$aOrigini e Medioevo. 300 $a399 p. :$bricc. ill. 500 $aIn custodia. 650 4$aItalia - Arte cristiana.$0(OLS)http://semarc/subject/2783 700 1 $aVerdon, Timothy,$c .$0(OLS)http://semarc/name/7841 773 0 $tArte cristiana in Italia.$dCinisello Balsamo : San Paolo, copyr. 2005-2008.$g1$w()17097 850 $aSeMil 852 $aSeMil$W1$xVenegono$y1$m5S XI 1$j109125$B109125$CSeMilBibl$Z2$F118989 $8I 961 $aAcquisto: L.S. srl 996 $6020$a88-215-5450-3$9(OLS)http://semarc/number/147736 996 $6245$aOrigini e Medioevo$9(OLS)http://semarc/title/230869 LEADER 00946nam a2200241 i 4500 001 000000137274 003 CaOOAMICUS 005 20050412000000.0 008 050412s1975 it u000 u ita u 013 $a111047 040 $aSeMil$bita 100 1 $aTobino, Mario <1910-1991>.$0(OLS)http://semarc/name/18320 245 10$aBandiera nera /$cMario Tobino ; introduzione di Claudio Marabini. 260 $aMilano :$bArnoldo Mondadori Editore,$c1975. 300 $a141 p. ;$c19 cm. 490 0 $aOscar Mondadori ;$v606 700 1 $aMarabini, Claudio,$d<1930-2010>.$0(OLS)http://semarc/name/41372 830 0$aOscar ;$v606.$0(OLS)http://semarc/title/8669 850 $aSeMil 852 $aSeMil$W1$xVenegono$y1$m1B II 333$j239726$B90826$CSeMilBibl$Z2$F95752 $81 961 $aOmaggio: Altro 996 $6245$aBandiera nera$9(OLS)http://semarc/title/200557 996 $6260$aMilano :$bArnoldo Mondadori Editore$9(OLS)http://semarc/publisher/30056 LEADER 00945nam a2200193 i 4500 001 000000170471 003 CaOOAMICUS 005 20080327000000.0 008 080327s1925 it u000 u fre u 013 $a147882 040 $aSeMil$bita 100 1 $aBourget, Paul,$d<1852-1935>.$0(OLS)http://semarc/name/8631 245 10$aConflits intimes :$bLe Chapiteau Roman. Le Beau Role. Le Chauffeur. Le Geste Du Fils. Le Sursis. L'exemple. Le Couvent D'ésaffecté /$cPaul Bourget De l'Académie Française. 260 $aParis :$bPlon-Nourrit,$ccopyr. 1925. 300 $a300 p. ;$c19 cm. 850 $aSeMil 852 $aSeMil$W1$xVenegono$y1$m1V III 27$j121358$B121358$CSeMilBibl$Z2$F132719 $81 996 $6245$aConflits intimes :$bLe Chapiteau Roman. Le Beau Role. Le Chauffeur. Le Geste Du Fils. Le Sursis. L'exemple. Le Couvent D'ésaffecté$9(OLS)http://semarc/title/243822 996 $6260$aParis :$bPlon-Nourrit$9(OLS)http://semarc/publisher/33699 LEADER 00607naa a2200145 i 4500 001 000000293397 003 CaOOAMICUS 005 20180831172445.0 008 180831n xx u000 u und u 013 $a600 040 $aSeMil$bita 100 1 $aD'Alario, Vittoria.$0(OLS)http://semarc/name/20595 245 13$aLa nuova creazione, concetto-chiave della cristologia paolina secondo P. Tillich. P. 226-237. 773 0 $tCristologia e antropologia.$dRoma : AVE, 1994.$kSaggi$w()41007 996 $6245$aLa nuova creazione, concetto-chiave della cristologia paolina secondo P. Tillich. P. 226-237.$9(OLS)http://semarc/title/369479 LEADER 01195nam a2200277 i 4500 001 000000069614 003 CaOOAMICUS 005 20080505000000.0 008 080505s1945 it u000 u ita u 013 $a40786 040 $aSeMil$bita 100 1 $aDessauer, Friedrich.$0(OLS)http://semarc/name/34702 245 10$aFilosofia della tecnica /$cFederico Dessauer ; traduzione di Mario Bendiscioli ; prefazione di Arturo Danusso. 250 $a2. ed. 260 $aBrescia :$bMorcelliana,$c1945. 300 $a173 p. ;$c20 cm. 490 0 $aProblemi e opinioni 650 4$aTecnologia - Filosofia.$0(OLS)http://semarc/subject/13807 650 4$aTecnologia - Aspetti filosofici.$0(OLS)http://semarc/subject/13808 700 1 $aDanusso, Arturo <1880-1968>.$0(OLS)http://semarc/name/18384 700 1 $aBendiscioli, Mario,$d<1903-1998>.$0(OLS)http://semarc/name/9378 830 0$aProblemi e opinioni.$0(OLS)http://semarc/title/6313 850 $aSeMil 852 $aSeMil$W1$xVenegono$y1$m2P I 215$j35767$B35767$CSeMilBibl$Z2$F35770 $81 996 $6245$aFilosofia della tecnica$9(OLS)http://semarc/title/111497 996 $6260$aBrescia :$bMorcelliana$9(OLS)http://semarc/publisher/29629 LEADER 01253nam a2200277 i 4500 001 000000074626 003 CaOOAMICUS 005 20130618000000.0 008 130618s1997 xx u000 u fre u 013 $a45798 020 $a88-7652-747-8 040 $aSeMil$bita 100 1 $aMimeault, Jules <1959- >.$0(OLS)http://semarc/name/36935 245 13$aLa sotériologie de François-Xavier Durrwell :$bexposé et réflexions critiques /$cJules Mimeault. 260 $aRoma :$bPontificia Università Gregoriana,$c1997. 300 $a473 p. ;$c24 cm. 490 0 $aTesi Gregoriana. Serie Teologia ;$v20 500 $aContiene : Bibliographie. 650 4$aDurrwell, François Xavier.$0(OLS)http://semarc/subject/15223 830 0$aTesi Gregoriana. Serie Teologia ;$v20.$0(OLS)http://semarc/title/351 850 $aSeMil 852 $aSeMil$W1$xVenegono$y1$m2HA C 20$j260293$B40778$CSeMilBibl$Z2$F40782 $81 961 $aSottoscrizione: Casa editrice 996 $6020$a88-7652-747-8$9(OLS)http://semarc/number/54837 996 $6245$aLa sotériologie de François-Xavier Durrwell :$bexposé et réflexions critiques$9(OLS)http://semarc/title/121006 996 $6260$aRoma :$bPontificia Università Gregoriana$9(OLS)http://semarc/publisher/29750 LEADER 00783nam a2200217 i 4500 001 000000210268 003 CaOOAMICUS 005 20120119000000.0 008 120119s1960 it u000 u ita u 013 $a189081 040 $aSeMil$bita 100 1 $aPasquini, Mario.$0(OLS)http://semarc/name/75294 245 13$aLa sicurezza sociale /$cMario Pasquini. 260 $aRoma :$bStudium,$ccopyr. 1960. 300 $a116 p. ;$c17 cm. 500 $aContiene : Bibliografia. 650 4$aSicurezza sociale.$0(OLS)http://semarc/subject/35222 850 $aSeMil 852 $aSeMil$W1$xVenegono$y1$m3S I 280$j160718$B160718$CSeMilBibl$Z2$F171709 $81 996 $6245$aLa sicurezza sociale$9(OLS)http://semarc/title/303938 996 $6260$aRoma :$bStudium$9(OLS)http://semarc/publisher/29617 LEADER 01418nam a2200301 i 4500 001 000000363041 003 CaOOAMICUS 005 20250617103129.0 008 250604s2025 it u000 u ita u 020 $a978-88-922470-4-8 040 $aSeMil$bita 041 1 $aita$aheb 240 10$aBibbia. Antico Testamento. Salmi.$0(OLS)http://semarc/title/440940 245 00$aSalmi 1-72 :$bintroduzione, traduzione e commento /$ca cura di Fabrizio Ficco. 264 1$aCinisello Balsamo :$bSan Paolo,$c2025. 300 $a415 p. ;$c22 cm 490 1 $aNuova versione della Bibbia dai testi antichi ;$v18/1 500 $aTesto ebraico a fronte 546 $aTesto ebraico della Biblia Hebraica Stuttgartensia 650 4$aBibbia. Antico Testamento. Salmi - Commentari, studi, critica, interpretazioni.$0(OLS)http://semarc/subject/289 700 1 $aFicco, Fabrizio,$d<1978- >.$0(OLS)http://semarc/name/76190 830 0$aNuova versione della Bibbia dai testi antichi ;$v18/1.$0(OLS)http://semarc/title/32532 850 $aSeMil 852 $aSeMil$W1$xVenegono$y1$m2XA E 18/1$j257794$B253915$CSeMilBibl$Z2$F253915 $81 996 $6020$a978-88-922470-4-8$9(OLS)http://semarc/number/303274 996 $6245$aSalmi 1-72 :$bintroduzione, traduzione e commento$9(OLS)http://semarc/title/454137 996 $6264$aCinisello Balsamo :$bSan Paolo$9(OLS)http://semarc/publisher/30129